Kozlí zpěv.

Uložené v:
Podrobná bibliografia
Hlavný autor: Werfel, F. (Author)
Médium: Kniha
Jazyk:Czech
Vydané: 1991
ISBN: 8020301976
Tagy: Pridať tag
Žiadne tagy, Buďte prvý kto otaguje tento záznam!

MARC

LEADER 00000nam a2200000 a 4500
001 000244607
005 00000000000000.0
008 040101s1991 e czeo
020 |a 8020301976 
041 0 |a cze 
100 1 |a Werfel, F.  |4 aut 
245 1 0 |a Kozlí zpěv. 
260 |c 1991 
500 |a Záznam neprešiel kontrolou 
910 |a svkkk 
919 |a 80-203-0197-6 
998 |a BK 
090 |g SCKHL  |k Sklad Pribinova 2. posch.  |a II.348831  |j 848054  |i 244607-10  |s Absenčne